[Event "Mumbai Mayors Cup 1st"]
[Site "Mumbai"]
[Date "2008.05.15"]
[Round "6"]
[White "Raghavendra, V."]
[Black "Ravi, Prakash"]
[Result "0-1"]
[WhiteElo "2131"]
[BlackElo "2310"]
[PlyCount "100"]
[EventDate "2008.05.11"]
[EventType "swiss"]
[EventRounds "11"]
[EventCountry "IND"]
[SourceTitle "CBM 124 Extra"]
[Source "ChessBase"]
[SourceDate "2008.07.03"]
[SourceVersion "1"]
[SourceVersionDate "2008.07.03"]
[SourceQuality "1"]

1. e4 c5 2. Nf3 e6 3. d4 cxd4 4. Nxd4 a6 5. Bd3 Ne7 6. 0-0 Nbc6 7. Nb3 d6 8. Nc3 g6 9. Be3 b5 10. Qd2 Bg7 11. Bh6 0-0 12. Rad1 Qc7 13. Bxg7 Kxg7 14. f4 f5 15. Kh1 Bb7 16. a3 Rad8 17. Qe2 Rf6 18. Rde1 e5 19. fxe5 dxe5 20. exf5 gxf5 21. Bxf5 Nxf5 22. Rxf5 Rxf5 23. Qg4+ Kh8 24. Qxf5 Qg7 25. Qf2 Nd4 26. Nc5 Rf8 27. Qg3 Qf6 28. Rg1 Bc6 29. N3e4 Qf5 30. Qd3 Qh5 31. Ng3 Qh4 32. c3 Nf3 33. gxf3 Rxf3 34. Qd6 Rf6+ 35. Qxc6 Rxc6 36. Rf1 Rxc5 37. Rf8+ Kg7 38. Nf5+ Kxf8 39. Nxh4 Rc4 40. Nf3 Re4 41. Ng5 Re2 42. Ne6+ Ke7 43. Nc7 Rxb2 44. Nxa6 Rb3 45. Nc7 Kd7 46. Nd5 Rxa3 47. Kg2 Kd6 48. Nf6 h6 49. Kf2 Kc5 50. h4 Rxc3 0-1

[Event "Mumbai Mayors Cup 1st"]
[Site "Mumbai"]
[Date "2008.05.14"]
[Round "5"]
[White "Ravi, Prakash"]
[Black "Khosla, Shiven"]
[Result "1-0"]
[WhiteElo "2310"]
[BlackElo "2086"]
[PlyCount "159"]
[EventDate "2008.05.11"]
[EventType "swiss"]
[EventRounds "11"]
[EventCountry "IND"]
[SourceTitle "CBM 124 Extra"]
[Source "ChessBase"]
[SourceDate "2008.07.03"]
[SourceVersion "1"]
[SourceVersionDate "2008.07.03"]
[SourceQuality "1"]

1. a3 Nf6 2. c4 g6 3. b4 Bg7 4. Bb2 0-0 5. g3 d5 6. cxd5 Qxd5 7. Nf3 Nc6 8. Bg2 Qh5 9. h3 Be6 10. d3 a5 11. g4 Qb5 12. Nc3 Qb6 13. Na4 Qb5 14. Nc3 Qb6 15. Na4 Qb5 16. Nc5 Bc8 17. 0-0 axb4 18. axb4 Rxa1 19. Qxa1 Nxb4 20. Rc1 b6 21. Ne4 c5 22. Nxf6+ Bxf6 23. Bxf6 exf6 24. Qxf6 Qc6 25. Qb2 Bb7 26. d4 Re8 27. dxc5 bxc5 28. Ne1 Qb6 29. Bxb7 Qxb7 30. Rxc5 Qe4 31. Ng2 Nc6 32. Ne3 Rb8 33. Rb5 Ra8 34. Nd5 Qc4 35. Nf6+ Kh8 36. g5 Qd4 37. Qxd4 Nxd4 38. Re5 Kg7 39. Ne8+ Kf8 40. Nf6 Kg7 41. Ne8+ Kf8 42. Nc7 Rc8 43. Nb5 Ne6 44. e3 Rc4 45. Nd6 Rb4 46. Ne4 Kg7 47. Nc5 Nxc5 48. Rxc5 h6 49. gxh6+ Kxh6 50. Kg2 f5 51. Kg3 Ra4 52. Re5 Kg5 53. Rd5 Rb4 54. Rd4 Rb1 55. Rd5 Rb4 56. f3 Rb1 57. h4+ Kf6 58. Rd6+ Ke5 59. Ra6 Re1 60. Kf2 Rh1 61. Rxg6 Rxh4 62. Ra6 Rh2+ 63. Kg3 Rh5 64. e4 Rg5+ 65. Kh4 Rg1 66. Ra5+ Kf6 67. Rxf5+ Kg6 68. Ra5 Kf6 69. f4 Re1 70. Ra6+ Kf7 71. e5 Rg1 72. Kh5 Rg2 73. Rf6+ Kg7 74. Rf5 Rh2+ 75. Kg4 Kg6 76. Rf6+ Kg7 77. Kf5 Rh5+ 78. Ke4 Rh8 79. Ra6 Kf7 80. f5 1-0

[Event "Mumbai Mayors Cup 1st"]
[Site "Mumbai"]
[Date "2008.05.13"]
[Round "4"]
[White "Stany, George Anthony"]
[Black "Ravi, Prakash"]
[Result "1-0"]
[WhiteElo "2212"]
[BlackElo "2310"]
[PlyCount "53"]
[EventDate "2008.05.11"]
[EventType "swiss"]
[EventRounds "11"]
[EventCountry "IND"]
[SourceTitle "CBM 124 Extra"]
[Source "ChessBase"]
[SourceDate "2008.07.03"]
[SourceVersion "1"]
[SourceVersionDate "2008.07.03"]
[SourceQuality "1"]

1. e4 c5 2. Nf3 e6 3. b3 d6 4. Bb2 e5 5. Bc4 Nc6 6. 0-0 a6 7. c3 Bg4 8. d4 Qf6 9. Nbd2 Nge7 10. h3 Bd7 11. Be2 Ng6 12. Nc4 Nf4 13. Bc1 b5 14. Bxf4 Qxf4 15. Nb6 Ra7 16. dxc5 Qxe4 17. a4 b4 18. Bc4 Qg6 19. Nxd7 Rxd7 20. Qd5 dxc5 21. Nxe5 Nxe5 22. Qxe5+ Be7 23. Rad1 Rb7 24. Bd5 Rb6 25. Rfe1 Qf6 26. Bc6+ Qxc6 27. Qxe7# 1-0

[Event "New Delhi Parsvnath op 6th"]
[Site "New Delhi"]
[Date "2008.01.15"]
[Round "5"]
[White "Kulkarni, Rakesh"]
[Black "Ravi, Prakash"]
[Result "1-0"]
[WhiteElo "2133"]
[BlackElo "2281"]
[PlyCount "147"]
[EventDate "2008.01.13"]
[EventType "swiss"]
[EventRounds "10"]
[EventCountry "IND"]
[SourceTitle "CBM 122 Extra"]
[Source "ChessBase"]
[SourceDate "2008.03.04"]
[SourceVersion "1"]
[SourceVersionDate "2008.03.04"]
[SourceQuality "1"]

1. d4 Nf6 2. c4 e6 3. Nc3 d5 4. Bg5 Be7 5. Nf3 0-0 6. e3 h6 7. Bh4 b6 8. Be2 Bb7 9. Bxf6 Bxf6 10. cxd5 exd5 11. b4 c6 12. 0-0 a5 13. bxa5 Rxa5 14. a4 Bc8 15. Rb1 Be6 16. Qb3 Nd7 17. Rfd1 Qa8 18. Rbc1 g6 19. h3 Kg7 20. Ne1 Be7 21. Nd3 Bd6 22. Nb4 Rc8 23. Qb2 Nf6 24. Bf3 Qa7 25. Nd3 b5 26. e4 Qxd4 27. e5 Bxe5 28. Qe2 Bb8 29. axb5 cxb5 30. Nxd5 Nxd5 31. Rxc8 Bxc8 32. Ne1 Qc4 33. Rxd5 Qxe2 34. Bxe2 Ra1 35. Rd1 Rxd1 36. Bxd1 Be6 37. Nd3 Bd6 38. Nc1 Ba3 39. Nb3 Bc4 40. f3 Kf6 41. Kf2 Ke5 42. Ke3 Be7 43. f4+ Kd6 44. Nd2 Bd5 45. g3 Kc5 46. Ne4+ Kb4 47. g4 Bb3 48. Be2 Bc4 49. Bd1 Bf1 50. Nf2 Bc5+ 51. Kf3 Bxf2 52. Kxf2 Bxh3 53. Be2 f5 54. g5 h5 55. Bxh5 Kc5 56. Bxg6 Bg4 57. Be8 b4 58. Ke3 b3 59. Bf7 b2 60. Ba2 Bh5 61. Bb1 Bg6 62. Kd3 Kb4 63. Kd4 Bh7 64. Ke5 Kc3 65. Kf6 Bg8 66. g6 Bb3 67. g7 Kd2 68. Bxf5 Ke3 69. Ke5 Ba2 70. Be4 Kf2 71. f5 Kg3 72. Kf6 Kf4 73. Bb1 Bc4 74. Ke7 1-0

[Event "New Delhi Parsvnath op 6th"]
[Site "New Delhi"]
[Date "2008.01.15"]
[Round "4"]
[White "Ravi, Prakash"]
[Black "Arun Prasad, Subramanian"]
[Result "0-1"]
[WhiteElo "2281"]
[BlackElo "2423"]
[PlyCount "96"]
[EventDate "2008.01.13"]
[EventType "swiss"]
[EventRounds "10"]
[EventCountry "IND"]
[SourceTitle "CBM 122 Extra"]
[Source "ChessBase"]
[SourceDate "2008.03.04"]
[SourceVersion "1"]
[SourceVersionDate "2008.03.04"]
[SourceQuality "1"]

1. e4 c5 2. c3 d5 3. exd5 Qxd5 4. d4 g6 5. Nf3 Bg7 6. Na3 cxd4 7. Nb5 Na6 8. Be3 Nf6 9. Qxd4 0-0 10. Bc4 Qc6 11. h3 Ng4 12. Qd5 Nxe3 13. fxe3 Qb6 14. Nfd4 Nc7 15. Nxc7 Qxc7 16. 0-0 e6 17. Qb5 a6 18. Qb3 b5 19. Be2 Qe5 20. Bf3 Qxe3+ 21. Kh1 Ra7 22. Rae1 Qg5 23. Nc6 Rc7 24. Qb4 Bb7 25. Qd6 Rfc8 26. Nd4 Qd8 27. Qxd8+ Rxd8 28. Bxb7 Rxb7 29. Nb3 Rbd7 30. Re2 Rd5 31. Kg1 R8d6 32. Rf4 f5 33. Kf2 e5 34. Rb4 Rc6 35. Rd2 Rxd2+ 36. Nxd2 Bf8 37. Rb3 e4 38. Ke2 Kf7 39. c4 b4 40. a3 a5 41. axb4 Bxb4 42. g4 Kf6 43. gxf5 gxf5 44. h4 Ke5 45. Rg3 Rg6 46. Rxg6 hxg6 47. Nb3 f4 48. c5 Kd5 0-1

[Event "Commonwealth-ch"]
[Site "New Delhi"]
[Date "2007.12.07"]
[Round "7"]
[White "Girinath, PDS"]
[Black "Ravi, Prakash"]
[Result "1-0"]
[WhiteElo "2448"]
[BlackElo "2286"]
[PlyCount "83"]
[EventDate "2007.12.03"]
[EventType "swiss"]
[EventRounds "10"]
[EventCountry "IND"]
[SourceTitle "CBM 121 Extra"]
[Source "ChessBase"]
[SourceDate "2008.01.10"]
[SourceVersion "1"]
[SourceVersionDate "2008.01.10"]
[SourceQuality "1"]

1. e4 c5 2. Nf3 e6 3. d3 Nc6 4. g3 g6 5. Bg2 Bg7 6. 0-0 Nge7 7. c3 0-0 8. Na3 e5 9. Nc4 d6 10. Nh4 d5 11. Ne3 d4 12. Nd5 dxc3 13. bxc3 Be6 14. c4 Nd4 15. Be3 Nec6 16. Qd2 f5 17. exf5 gxf5 18. f4 Qd7 19. Rae1 Kh8 20. fxe5 Bxd5 21. Bxd5 Nxe5 22. Bxd4 cxd4 23. Qg5 Bf6 24. Qh6 Qg7 25. Qxg7+ Bxg7 26. Nxf5 Nxd3 27. Re7 Bf6 28. Rxb7 Nc5 29. Rb5 Rac8 30. Nd6 a6 31. Rbb1 Rcd8 32. Nf7+ Rxf7 33. Bxf7 Kg7 34. Bd5 d3 35. Rf4 Re8 36. Rbf1 d2 37. Rxf6 Re1 38. Rf7+ Kg6 39. Kg2 d1Q 40. R1f6+ Kg5 41. h4+ Kh5 42. Rxh7+ 1-0

[Event "Commonwealth-ch"]
[Site "New Delhi"]
[Date "2007.12.03"]
[Round "1"]
[White "Umesha, BG Dilini"]
[Black "Ravi, Prakash"]
[Result "0-1"]
[WhiteElo "1886"]
[BlackElo "2286"]
[PlyCount "132"]
[EventDate "2007.12.03"]
[EventType "swiss"]
[EventRounds "10"]
[EventCountry "IND"]
[SourceTitle "CBM 121 Extra"]
[Source "ChessBase"]
[SourceDate "2008.01.10"]
[SourceVersion "1"]
[SourceVersionDate "2008.01.10"]
[SourceQuality "1"]

1. d4 Nf6 2. Nf3 e6 3. Bf4 b6 4. e3 Bb7 5. Bd3 Be7 6. Nbd2 Nh5 7. Bg3 d6 8. 0-0 Nd7 9. c3 Nxg3 10. fxg3 0-0 11. Qc2 h6 12. Rac1 c5 13. Qd1 Rc8 14. Qe2 Rc7 15. Be4 d5 16. Bd3 c4 17. Bc2 f5 18. Qf2 Bd6 19. Qe2 b5 20. a3 g5 21. Kh1 g4 22. Nh4 Qg5 23. Rf2 Nb6 24. Rcf1 Rcf7 25. Qe1 a5 26. Qe2 Bc6 27. Kg1 Nc8 28. Ra1 a4 29. Re1 Be7 30. Rff1 Nd6 31. Qf2 Ne8 32. Qf4 Kh7 33. Re2 Bd6 34. Qf2 Kg8 35. Qe1 Qg7 36. Ref2 Bd7 37. Qb1 Qg5 38. Qe1 Be7 39. Re2 Nd6 40. Rf4 Rg7 41. Rf1 Qh5 42. Kh1 Qe8 43. Ref2 Qd8 44. Re2 Rg5 45. Rf4 Kg7 46. h3 h5 47. Rf1 Kg8 48. Kg1 Rg7 49. Kh2 Ne4 50. Nxe4 dxe4 51. Rg1 Bd6 52. Kh1 Bc6 53. Bd1 Bd5 54. Bc2 Kf7 55. Qf2 Ke8 56. Qe1 Kd7 57. Bd1 Kc6 58. Bc2 Rfg8 59. Qf1 Bxg3 60. Nxf5 exf5 61. Qxf5 Rf8 62. Qxh5 Rh8 63. Qf5 Rg5 64. Qf1 Rgh5 65. Bxe4 Bxe4 66. Qc1 Rxh3# 0-1

[Event "Hyderabad op 1st"]
[Site "Hyderabad"]
[Date "2006.03.05"]
[Round "10"]
[White "Laxman, Rajaram"]
[Black "Ravi, Prakash"]
[Result "1-0"]
[WhiteElo "2418"]
[BlackElo "2183"]
[PlyCount "69"]
[EventDate "2006.02.25"]
[EventType "swiss"]
[EventRounds "10"]
[EventCountry "IND"]
[SourceTitle "CBM 111 Extra"]
[Source "ChessBase"]
[SourceDate "2006.05.09"]
[SourceVersion "1"]
[SourceVersionDate "2006.05.09"]
[SourceQuality "1"]

1. Nf3 Nf6 2. c4 g6 3. Nc3 Bg7 4. d4 0-0 5. e4 d6 6. Be2 e5 7. 0-0 Nc6 8. d5 Ne7 9. b4 a5 10. Ba3 Nh5 11. c5 f5 12. bxa5 Rxa5 13. Bb4 Ra8 14. Nb5 dxc5 15. Bxc5 Nf6 16. Bc4 Kh8 17. d6 cxd6 18. Nxd6 Qc7 19. Bb4 Nxe4 20. Nf7+ Rxf7 21. Bxf7 Nc6 22. Qb3 Nxb4 23. Rac1 Nc6 24. Nh4 Bf6 25. Nf3 Nd6 26. Bd5 e4 27. Nd2 Qa5 28. Bxc6 bxc6 29. Rfd1 Qa6 30. Qb4 c5 31. Rxc5 Be6 32. Rdc1 Nf7 33. Rc6 Qxa2 34. Rc8+ Rxc8 35. Rxc8+ 1-0